000
00320 a2200109 4500
001
ART_5847
005
20260410161828.0
008
260409a
245
1
0
_a
El sector agropecuario argentino
100
1
_a
Reca, Lucio G.
773
0
_t
Estudios Económicos
_g
- Vol. 23, Nº 47 (jul./dic. 2006)
_w
REV5080
999
_c
22982
_d
22982